000 00521nam a2200157Ia 4500
008 240729s9999 xx 000 0 und d
022 _a2383-3890
245 0 _aIranian Journal of Electrical and Electronic Engineering
260 _aIran, Islamic Republic of
260 _bIran University of Science and Technology
650 _a Electrical engineering. Electronics. Nuclear engineering
650 _aTechnology
856 _uhttps://doaj.org/toc/bc382ec9a4764bb9bad7cc29a8033b28
942 _2ddc
942 _cDOAJEJ
999 _c69944
_d69944
945 _a1
_bMadushi Gamage
_c1
_dMadushi Gamage